LDR 00646naa#a2200181#i#450# 001 EN\\bibl\105468 005 20260703025130.5 011 ## _a2227-1171 100 ## _a20260630b2026####ek#y0engy0150####ca 102 ## _aRU 200 1# _aMODERN INSTRUMENTS FOR COUNTERACTING RECIDIVIST CRIME IN RUSSIA _eJournal article 210 1# _aKazan _cKazan law institute Ministry of Internal Affairs Russian Federation _d2026 215 ## _a5 с. 608 ## _aJournal article _2local 675 ## _aМетоды, средства и формы профилактики. 343.851 _z 700 #1 _aSagaydak _gAl'bina Yur'evna 700 #1 _aDikaeva _gElina Salmanovna 856 4# _avestnikkui.ru _u